00721naa#a2200169#i#4500001002200000005001700022011001400039100004100053101000800094102000700102200015200109210016900261215001000430608004500440700005200485856001400537RU\INFRA-M\bibl\1286320260629075212.1##a2587-9111##a20160817b2016####ek#y0rusy0150####ca0#aRUS##aRU1#aНейро-сетевые эффекты в глобальной информационной экономикеeЖурнальная статья1#aМоскваcОбщество с ограниченной ответственностью «Научно-издательский центр ИНФРА-М»d2016##a6 с.##aЖурнальная статья2local#1aДятловgСергей Алексеевич4#azh-szf.ru